00655nam a22001815i 450000100060000000300090000600500170001500700030003200800410003504000200007610000510009624500650014726000720021230000270028485200210031199900170033295201240034953006ES-MaACL20250921063024.0t|950907s1899 fr ||||1| fre d aCAM bspa cCAM1 aDoyle, Arthur Conan, cSir, d1859-193094555213aUn crime étrange b: roman anglais / cArthur Conan Doyle. aParis : bHachette et Cie., c1899 (eCoulommiers : fPaul Brodard) a[4], 223 p. ; c19 cm. aES-MaACLjC-4570 c53006d53006 001040708LIBXIXaATENEOMbATENEOMcSPALd2008-01-17eSCl0oC-4570p1055700r2023-02-23 00:00:00w2023-02-23yMONANT